Règles internationales et diplomatie de la mer

Guardat en:
Dades bibliogràfiques
Autor principal: Ortolan, Théodore (auteur)
Format: Llibre
Idioma:francès
Publicat: París Cosse et N. Delamotte 1845
Matèries:
Etiquetes: Afegir etiqueta
Sense etiquetes, Sigues el primer a etiquetar aquest registre!

MARC

LEADER 00000nam a2200000 a 4500
001 UCR4228
003 CL-VaPUC
008 980307e18450000FR |||||||||||||||||fre|d
082 0 4 |a 341.33  |b ORT  |2 21 
100 |a Ortolan, Théodore  |e auteur  |9 403997 
245 1 0 |a Règles internationales et diplomatie de la mer 
300 |a t 
942 |c BK 
945 |d 19980307 00:00:00  |a cmena 
260 |a París  |b Cosse et N. Delamotte  |c 1845 
650 0 |a Derecho internacional  |9 255637 
650 0 |a Relaciones Internacionales  |9 255740 
650 0 |a Diplomacia  |9 256483 
650 0 |a Política internacional  |9 255813 
650 0 |a Negociaciones internacionales  |9 358691 
650 0 |a Derecho marítimo  |9 255301 
583 |a last modification  |c 19980307 00:00:00  |k Rodrigo Vera 
999 |c 267177  |d 267175 
952 |0 0  |1 0  |4 0  |6 341_330000000000000_ORT_1845  |7 0  |8 X  |9 299393  |a BIBDER  |b BIBDER  |d 2019-11-20  |h t.2  |i 196030K  |o 341.33 ORT 1845  |p 196030K  |r 2023-01-25  |w 2019-11-20  |y BK_X  |k DER